| 000 | 00682ncm a22002297a 4500 | ||
|---|---|---|---|
| 999 |
_c6897 _d6897 |
||
| 001 | 5616028 | ||
| 003 | GBCCL | ||
| 005 | 20241126110614.0 | ||
| 008 | 890407s1963 enkana n eng | ||
| 010 | _a 89751656 | ||
| 040 |
_aDLC _cDLC _dDLC |
||
| 050 | 0 | 0 |
_aM1627 _b.N269 1963 |
| 082 |
_a784.71 _bNAT |
||
| 245 | 0 | 0 |
_aNational anthems of the world / _cedited by Martin Shaw and Henry Coleman. |
| 250 | _a2nd, rev. ed. | ||
| 260 |
_aLondon : _bBlandford Press, _c1963, c1960. |
||
| 300 |
_a1 score (viii, 408 p.) ; _c26 cm. |
||
| 500 | _aMinimal level cataloging. | ||
| 650 | 0 |
_aNational songs. _912315 |
|
| 906 |
_a7 _bcbc _corignew _d5 _encip _f19 _gy-genmusic |
||
| 942 |
_2ddc _cBK |
||